000 00454nam a2200157Ia 4500
008 100122s9999 xx 000 0 und d
082 _b74002
_aB823.08
100 _aPYLE HOWARD
245 _aKING ARTHUR AND THE KNIGHTS OF THE ROUND TABLE
250 _a1
260 _bPLAYMORE BOOKS
_c2000
300 _a239
630 _aKING ARTHUR AND THE KNIGHTS OF THE ROUND TABLE
730 _aKING ARTHUR AND THE KNIGHTS OF THE ROUND TABLE
942 _cBOOK
999 _c389995
_d389992